01725nam a2200337Ia 450000500170000000800410001702000150005808200180007310000330009124501150012425000190023930000550025850000570031350400270037065000410039765000370043865000370047565000320051294200120054426400330055633600270058933700330061633800280064904000350067799900150071295201310072795201340085895201290099295201330112195201330125420220317000712.0160601s2004 ck a g 000 0 spa  a958962271204a658.404bM37d1 aMiranda Miranda, Juan José13aEl desafío de la gerencia de proyectos balcance, tiempo, presupuesto, calidad cJuan José Miranda Miranda a1a. edición  a283 páginas bilustraciones, gráficas c23 cm  aIncluye bibliografía e índice al final del texto aIncluye bibliografía142LEMBaAdministración de proyectos 142LEMBaEvaluación de proyectos 142LEMBaProyectos xElaboración 142LEMBaEconomía gerencia  2ddccBK aBogotá bMM Editoresc2004 atextobtxt2rdacontent asin mediaciónbn2rdamedia avolumenbnc2rdacarrier aCO-BoRNBPbspaerdacCO-BoRNBP c4818d4818 00102ddc40708GENaMEPRICObMEPRICOcGENd2023-01-31l0o658.404M37dpPR00000469r2023-01-31 00:00:00tEj.1w2023-01-31yBK 00102ddc40708GENaMEMAPIRIbMEMAPIRIcGENd2024-01-05l0o658.404 m37dpMAP0000811r2024-01-05 16:08:00tEj.1w2024-01-05yBK 00102ddc40708GENaMEURIBEbMEURIBEcGENd2024-08-09l0o658.404M37dpURI00854r2024-08-09 15:33:45tEj.1w2024-08-09yBK 00102lcc40708GENaMEPCONCObMEPCONCOcGENd2026-02-19l0o658.404 M37dpPCON02077r2026-02-19 22:12:25tEj.1w2026-02-19yBK 00102lcc40708GENaMEPCONCObMEPCONCOcGENd2026-02-19l0o658.404 M37dpPCON02179r2026-02-19 22:20:00tEj.1w2026-02-19yBK